000 00310nam a22001337a 4500
008 170419b xxu||||| |||| 00| 0 eng d
020 _a0697004325
041 _aeng
080 _23RD
_a573
100 _a11
101 _aSHM
245 _aINTRODUCTION TO BIOLOGICAL PSYCHOLOGY
_cGROVES, P.M
942 _2udc
_cBK
999 _c11143
_d11143